| 000 | 00553nam a2200181Ia 4500 | ||
|---|---|---|---|
| 008 | 090630s9999 xx 000 0 und d | ||
| 082 | _b5821 | ||
| 100 | _aयशवंत. | ||
| 245 |
_aछत्रपती शिवराय. _cयशवंत. |
||
| 260 |
_bकॉन्टीनेंटल. _c1968 |
||
| 300 | _a548 | ||
| 600 | _aयशवंत. | ||
| 630 | _aछत्रपती शिवराय. | ||
| 655 | _aकाव्य. | ||
| 700 | _aयशवंत. | ||
| 730 | _aछत्रपती शिवराय. | ||
| 942 | _cBOOK | ||
| 999 |
_c257677 _d257677 |
||